| 000 | 00350nam a22001457a 4500 | ||
|---|---|---|---|
| 003 | SGT | ||
| 020 | _a9789386228451 | ||
| 082 |
_a324.254 _bH17J |
||
| 100 | _aJHA, PRASHANT | ||
| 245 | _aHOW THE INSIDE INDIA GREATEST BJP ELECTIONS | ||
| 260 |
_aINDIA _bJUGGERNAUT _c2017 |
||
| 300 | _a235 | ||
| 650 | _aINDIAN POLITICAL PARTIES | ||
| 942 |
_2ddc _cBK |
||
| 999 |
_c26236 _d26236 |
||